| 000 | 00570nam a2200205 a 4500 | ||
|---|---|---|---|
| 001 | BRL_312 | ||
| 005 | 20190320210700.0 | ||
| 008 | 290713c1910----enko######---#000-0#eng-# | ||
| 041 | _aeng | ||
| 044 | _aenk | ||
| 050 | 4 |
_aF1219 _b.R53 1910 |
|
| 100 | 1 |
_aRickards, Constantine George _923522 |
|
| 245 | 1 | 0 |
_aThe Ruins of Mexico _cConstantine George Rickards. |
| 260 |
_aLondres _bH. E. Shrimpton _c1910 |
||
| 300 |
_avii, viii, 153 p. (v.1) _bil., fotografías _c34 cm. |
||
| 500 | _aAu449 | ||
| 651 | 4 |
_aMéxico _xAntigüedades _92765 |
|
| 902 | _aGRL | ||
| 942 |
_2lcc _cB |
||
| 999 |
_c9125 _d9125 |
||